| 000 | 00693cam a22002173a 4500 | ||
|---|---|---|---|
| 001 | 39394 | ||
| 003 | PGUSA | ||
| 005 | 20140828083857.0 | ||
| 008 | 120407s2012||||xxu|||||s|||||000 | eng d | ||
| 040 |
_aPGUSA _beng |
||
| 042 | _adc | ||
| 100 | 1 |
_aBlaikie, William Garden, _d1820-1899 |
|
| 245 | 1 | 4 |
_aThe Expositor's Bible : _bThe First Book of Samuel _h[electronic resource] / _cWilliam Garden Blaikie |
| 260 |
_bProject Gutenberg, _c2012 |
||
| 506 | _aPublic domain in the USA. | ||
| 516 | _aElectronic text | ||
| 700 | 1 |
_aNicoll, W. Robertson, _cSir _q(William Robertson), _d1851-1923 |
|
| 830 | 0 |
_aProject Gutenberg _v39394 |
|
| 856 | 4 | 0 | _uhttp://www.gutenberg.org/ebooks/39394 |
| 942 | _cEB | ||
| 999 |
_c268647 _d268647 |
||